Statistiken für Die 20 Länder mit der höchsten Walddichte

Klicken Sie hier um das Quiz zu spielen!

Allgemein

  • Dieses Quiz wurde 221 mal gespielt
  • Das Durchschnittsergebnis liegt bei 8 aus 20

Antwortstatistiken

Hinweis (in %)Antwort (absteigend sortiert)% Korrekt
68,9 %Schweden
84%
73,1%Finnland
82%
67,6 %Demokratische Republik Kongo
73%
84,0%Guyana
49%
67,6%Malaysia
49%
74,1%Papua-Neuguinea
49%
89,3%Gabun
45%
98,3%Suriname
45%
81,3%Laos
44%
72,1%Brunei
36%
87,6%Palau
35%
68,5 %Japan
33%
72,3%Bhutan
30%
91,6%Föderierte Staaten von Mikronesien
30%
65,4%Sambia
30%
78,1%Salomonen
28%
88,4%Seychellen
27%
70,2%Marshallinseln
26%
70,1%Guinea-Bissau
17%
69,2%St. Vincent und die Grenadinen
17%

Verteilung der Resultate

Perzentil nach korrekt beantworteten Fragen

Anzahl Personen mit jedem Resultat

Ihre Resultats-Entwicklung

Sie haben dieses Quiz noch nicht gespielt